[Event "Perm op 06"]
[Site "Perm"]
[Date "2010.06.29"]
[Round "8"]
[White "Terenin, Leonid"]
[Black "Nechaev, Nikolay A"]
[Result "1/2-1/2"]
[WhiteElo "2028"]
[BlackElo "1912"]
[PlyCount "82"]
[EventDate "2010.06.21"]
[EventType "swiss"]
[EventRounds "9"]
[EventCountry "RUS"]
[SourceTitle "CBM 137 Extra"]
[Source "ChessBase"]
[SourceDate "2010.09.01"]
[SourceVersion "1"]
[SourceVersionDate "2010.09.01"]
[SourceQuality "1"]

1. d4 d5 2. Nf3 Nf6 3. c4 e6 4. g3 Be7 5. Bg2 0-0 6. 0-0 c5 7. cxd5 exd5 8. Nc3 Nc6 9. Bg5 h6 10. Bxf6 Bxf6 11. dxc5 Bxc3 12. bxc3 Be6 13. Qa4 Qe7 14. Qb5 Rac8 15. Nd4 Ne5 16. Nb3 Nc4 17. Rfd1 Rfd8 18. e4 a6 19. Qb4 a5 20. Nxa5 Nxa5 21. Qxa5 Rxc5 22. Qb4 Qc7 23. exd5 Bxd5 24. Bxd5 Rdxd5 25. Rxd5 Rxd5 26. Rb1 b5 27. a4 bxa4 28. Qxa4 Rc5 29. Qe8+ Kh7 30. Qe4+ Kg8 31. Rb7 Qe5 32. Qxe5 Rxe5 33. Rc7 Re2 34. Kg2 g6 35. Kf3 Rc2 36. c4 Kg7 37. c5 Rc4 38. c6 Kf6 39. Rc8 Ke6 40. c7 Ke7 41. Rd8 Rxc7 1/2-1/2

[Event "Perm op 04"]
[Site "Perm"]
[Date "2010.04.22"]
[Round "1"]
[White "Nechaev, Nikolay A"]
[Black "Chechurin, Yury"]
[Result "1-0"]
[WhiteElo "2148"]
[BlackElo "1820"]
[PlyCount "77"]
[EventDate "2010.04.22"]
[EventType "swiss"]
[EventRounds "9"]
[EventCountry "RUS"]
[SourceTitle "EXT 2012"]
[Source "ChessBase"]
[SourceDate "2011.11.24"]
[SourceVersion "1"]
[SourceVersionDate "2011.11.24"]
[SourceQuality "1"]

1. e4 c5 2. c3 d5 3. exd5 Qxd5 4. d4 cxd4 5. cxd4 Nc6 6. Nf3 Bg4 7. Be2 e6 8. Nc3 Qd7 9. Be3 Nf6 10. 0-0 Bd6 11. Qd2 Rc8 12. Rfd1 Bb8 13. Bg5 Nd5 14. Nxd5 Qxd5 15. Rac1 0-0 16. Bh4 Qxa2 17. Rc5 Qa4 18. Rg5 f5 19. h3 Bxf3 20. gxf3 Rf7 21. Kh1 e5 22. Rdg1 Rcc7 23. b3 Qxd4 24. Bc4 Kf8 25. Rxg7 Rxg7 26. Qh6 Qf4 27. Rg5 Qxf3+ 28. Kg1 Rcd7 29. Qf6+ Ke8 30. Qe6+ Ne7 31. Rxg7 Rd1+ 32. Bf1 Rxf1+ 33. Kxf1 Qd1+ 34. Kg2 Qd5+ 35. Qxd5 Nxd5 36. Rxb7 Bd6 37. Rxa7 Nf4+ 38. Kf1 h5 39. Rh7 1-0

[Event "Perm op2 06"]
[Site "Perm"]
[Date "2009.07.04"]
[Round "7"]
[White "Nechaev, Nikolay A"]
[Black "Golenev, Robert"]
[Result "0-1"]
[WhiteElo "2177"]
[BlackElo "2093"]
[PlyCount "92"]
[EventDate "2009.06.26"]
[EventType "swiss"]
[EventRounds "9"]
[EventCountry "RUS"]
[SourceTitle "CBM 131 Extra"]
[Source "ChessBase"]
[SourceDate "2009.09.03"]
[SourceVersion "2"]
[SourceVersionDate "2009.09.16"]
[SourceQuality "1"]

1. e4 c5 2. Nf3 a6 3. d4 cxd4 4. Nxd4 Nf6 5. Nc3 e5 6. Nb3 Bb4 7. Bd3 d5 8. exd5 Nxd5 9. 0-0 Nxc3 10. bxc3 Bxc3 11. Rb1 0-0 12. Ba3 Re8 13. Qf3 Qc7 14. Nc5 Bd4 15. Ne4 Re6 16. Ng5 Rh6 17. Be4 Nc6 18. Bd5 Rf6 19. Qd3 Bf5 20. Be4 Bxe4 21. Nxe4 Rg6 22. c3 Ba7 23. Rbd1 Rd8 24. Qf3 h6 25. Rxd8+ Qxd8 26. Rd1 Qc7 27. Qf5 Re6 28. g4 Ne7 29. Qf3 Rg6 30. Bd6 Qd7 31. h3 Qe6 32. Ng3 Nc6 33. Rd2 Rf6 34. Nf5 g6 35. Qg3 Kh7 36. Ne3 Rf4 37. Bf8 Bb8 38. Ng2 Ra4 39. Qe3 g5 40. a3 Qg6 41. Qb6 Kg8 42. Qc5 Ba7 43. Qd6 Qxd6 44. Bxd6 Rc4 45. h4 f5 46. h5 Rxg4 0-1

[Event "Perm op 04"]
[Site "Perm"]
[Date "2009.04.28"]
[Round "7"]
[White "Buruchaga, Gektor"]
[Black "Nechaev, Nikolay A"]
[Result "1/2-1/2"]
[WhiteElo "2028"]
[BlackElo "2177"]
[PlyCount "30"]
[EventDate "2009.04.20"]
[EventType "swiss"]
[EventRounds "8"]
[EventCountry "RUS"]
[SourceTitle "EXT 2022"]
[Source "ChessBase"]
[SourceDate "2021.10.06"]
[SourceVersion "1"]
[SourceVersionDate "2021.10.06"]
[SourceQuality "1"]

1. e4 e5 2. Nf3 Nc6 3. Bb5 a6 4. Ba4 Nf6 5. 0-0 Nxe4 6. d4 exd4 7. Re1 d5 8. Nxd4 Bd6 9. Nxc6 Bxh2+ 10. Kf1 Qh4 11. Be3 0-0 12. Nd4 Bd6 13. Nf3 Qh5 14. Nc3 Nxc3 15. bxc3 Qg4 1/2-1/2

[Event "Perm op 04"]
[Site "Perm"]
[Date "2009.04.24"]
[Round "5"]
[White "Zamorin, Nikolai"]
[Black "Nechaev, Nikolay A"]
[Result "0-1"]
[WhiteElo "1949"]
[BlackElo "1632"]
[PlyCount "80"]
[EventDate "2009.04.20"]
[EventType "swiss"]
[EventRounds "8"]
[EventCountry "RUS"]
[SourceTitle "EXT 2022"]
[Source "ChessBase"]
[SourceDate "2021.10.06"]
[SourceVersion "1"]
[SourceVersionDate "2021.10.06"]
[SourceQuality "1"]

1. d4 Nf6 2. Nf3 g6 3. e3 Bg7 4. Be2 c5 5. c3 cxd4 6. cxd4 d6 7. 0-0 0-0 8. Nc3 Nc6 9. Bd3 e5 10. dxe5 dxe5 11. e4 Bg4 12. h3 Bxf3 13. Qxf3 Nd4 14. Qd1 a6 15. Bc4 b5 16. Bd5 Rb8 17. b4 Qe7 18. a3 Rfc8 19. Bb2 Ne6 20. Qb3 Nf4 21. Rac1 N6xd5 22. Nxd5 Nxd5 23. Qxd5 Qg5 24. Rfd1 Rd8 25. Qb3 Qf4 26. Qf3 Qxf3 27. gxf3 h5 28. Kf1 Rbc8 29. Rxc8 Rxc8 30. Rc1 Rxc1+ 31. Bxc1 Kf8 32. Kg2 Ke7 33. Bd2 Ke6 34. Be3 f5 35. Bg5 f4 36. Kf1 Bf8 37. Ke2 Bd6 38. Kd2 Bc7 39. Ke2 Bb6 40. Ke1 Bd4 0-1

[Event "Perm op 04"]
[Site "Perm"]
[Date "2009.04.23"]
[Round "4"]
[White "Nechaev, Nikolay A"]
[Black "Lysenko, Gennady"]
[Result "0-1"]
[WhiteElo "2177"]
[BlackElo "2094"]
[PlyCount "42"]
[EventDate "2009.04.20"]
[EventType "swiss"]
[EventRounds "8"]
[EventCountry "RUS"]
[SourceTitle "EXT 2022"]
[Source "ChessBase"]
[SourceDate "2021.10.06"]
[SourceVersion "1"]
[SourceVersionDate "2021.10.06"]
[SourceQuality "1"]

1. e4 e6 2. d4 d5 3. e5 c5 4. c3 Nc6 5. Nf3 Qb6 6. Bd3 cxd4 7. cxd4 Bd7 8. 0-0 Nxd4 9. Nxd4 Qxd4 10. Kh1 a6 11. f4 Qa7 12. Nc3 Bc6 13. Qe2 Ne7 14. Be3 Qb8 15. Rac1 g6 16. Qf2 Nf5 17. Bxf5 gxf5 18. Qh4 h5 19. Ne2 Be7 20. Qf2 h4 21. h3 Rg8 0-1

[Event "Perm op 04"]
[Site "Perm"]
[Date "2009.04.21"]
[Round "2"]
[White "Nechaev, Nikolay A"]
[Black "Kashin, Yury"]
[Result "1-0"]
[WhiteElo "1688"]
[BlackElo "1732"]
[PlyCount "50"]
[EventDate "2009.04.20"]
[EventType "swiss"]
[EventRounds "8"]
[EventCountry "RUS"]
[SourceTitle "EXT 2022"]
[Source "ChessBase"]
[SourceDate "2021.10.06"]
[SourceVersion "1"]
[SourceVersionDate "2021.10.06"]
[SourceQuality "1"]

1. d4 Nf6 2. c4 e6 3. a3 c5 4. e3 d5 5. dxc5 Bxc5 6. b4 Be7 7. Bb2 dxc4 8. Qxd8+ Bxd8 9. Bxc4 0-0 10. Nf3 Nbd7 11. Nc3 Nb6 12. Bd3 Bd7 13. 0-0 Rc8 14. Ne5 Bc6 15. Rac1 Be7 16. Nxc6 Rxc6 17. Nb5 Rxc1 18. Rxc1 a6 19. Nd4 Rc8 20. Rxc8+ Nxc8 21. f3 Kf8 22. e4 Bd8 23. Kf1 Bb6 24. Ke2 Bxd4 25. Bxd4 Nd7 1-0

[Event "Perm op-A 03"]
[Site "Perm"]
[Date "2009.03.18"]
[Round "8"]
[White "Nechaev, Nikolay A"]
[Black "Gerasimov, Anatoly"]
[Result "1-0"]
[WhiteElo "2177"]
[BlackElo "2193"]
[PlyCount "36"]
[EventDate "2009.03.11"]
[EventType "swiss"]
[EventRounds "9"]
[EventCountry "RUS"]
[SourceTitle "EXT 2022"]
[Source "ChessBase"]
[SourceDate "2021.10.06"]
[SourceVersion "1"]
[SourceVersionDate "2021.10.06"]
[SourceQuality "1"]

1. d4 d5 2. c4 c5 3. cxd5 Qxd5 4. dxc5 Qxd1+ 5. Kxd1 Bf5 6. Nc3 Nc6 7. e4 Bg6 8. Be3 f5 9. f3 Nf6 10. Bd3 0-0-0 11. Ke2 e6 12. Rd1 a6 13. Nh3 Nd4+ 14. Bxd4 Rxd4 15. exf5 exf5 16. Bxf5+ Rd7 17. Bxd7+ Nxd7 18. b4 Be7 1-0

[Event "Perm op-A 03"]
[Site "Perm"]
[Date "2009.03.17"]
[Round "7"]
[White "Orekhov, Viktor"]
[Black "Nechaev, Nikolay A"]
[Result "1-0"]
[WhiteElo "2099"]
[BlackElo "2003"]
[PlyCount "93"]
[EventDate "2009.03.11"]
[EventType "swiss"]
[EventRounds "9"]
[EventCountry "RUS"]
[SourceTitle "EXT 2022"]
[Source "ChessBase"]
[SourceDate "2021.10.06"]
[SourceVersion "1"]
[SourceVersionDate "2021.10.06"]
[SourceQuality "1"]

1. e4 e5 2. d4 exd4 3. Qxd4 Nc6 4. Qe3 g6 5. Nc3 Bg7 6. Bd2 Nge7 7. 0-0-0 d6 8. Nd5 0-0 9. Bc3 Nxd5 10. exd5 Bxc3 11. Qxc3 Ne7 12. h4 c6 13. dxc6 bxc6 14. h5 Be6 15. Nf3 Nd5 16. Qd2 Qf6 17. Ng5 Nf4 18. Nxe6 Nxe6 19. Rh3 d5 20. Rf3 Qg5 21. Qxg5 Nxg5 22. Rc3 Rac8 23. hxg6 hxg6 24. f3 Rfd8 25. Re3 Ne6 26. g3 c5 27. f4 Kg7 28. Re5 d4 29. Bc4 Kf6 30. Rde1 Rc6 31. Rh1 Kg7 32. a3 a5 33. Rh2 Rdc8 34. b3 Kf6 35. Kd2 Rd6 36. Rh7 Rb6 37. Kd3 Rd6 38. Bxe6 Rxe6 39. Rxe6+ Kxe6 40. Kc4 Rc7 41. g4 Kd6 42. Rh8 a4 43. Rd8+ Ke7 44. Rd5 axb3 45. cxb3 Rd7 46. Rxd7+ Kxd7 47. b4 1-0

[Event "Perm op-A 03"]
[Site "Perm"]
[Date "2009.03.11"]
[Round "1"]
[White "Zamorin, Nikolai"]
[Black "Nechaev, Nikolay A"]
[Result "1-0"]
[WhiteElo "1989"]
[BlackElo "2028"]
[PlyCount "63"]
[EventDate "2009.03.11"]
[EventType "swiss"]
[EventRounds "9"]
[EventCountry "RUS"]
[SourceTitle "EXT 2022"]
[Source "ChessBase"]
[SourceDate "2021.10.06"]
[SourceVersion "1"]
[SourceVersionDate "2021.10.06"]
[SourceQuality "1"]

1. e4 c5 2. Nf3 d6 3. d4 cxd4 4. Nxd4 Nf6 5. Nc3 g6 6. Be3 Bg7 7. f3 0-0 8. Qd2 Nc6 9. Bc4 Bd7 10. 0-0-0 Rc8 11. Bb3 Ne5 12. h4 h5 13. Rhe1 Nc4 14. Bxc4 Rxc4 15. Kb1 b5 16. b3 Rc5 17. Nde2 Rc8 18. Bd4 a5 19. Nd5 Nxd5 20. Bxg7 Kxg7 21. exd5 a4 22. Nd4 axb3 23. cxb3 Rc5 24. Nc6 Bxc6 25. dxc6 Rxc6 26. Qg5 f6 27. Qxb5 Qd7 28. Rxe7+ Qxe7 29. Qxc6 Rd8 30. Qe4 Qxe4+ 31. fxe4 Re8 32. Rd4 1-0

[Event "Perm op 07-B"]
[Site "Perm"]
[Date "2007.07.04"]
[Round "7"]
[White "Nechaev, Nikolay A"]
[Black "Dragunov, Viacheslav"]
[Result "1/2-1/2"]
[WhiteElo "1732"]
[BlackElo "1912"]
[PlyCount "89"]
[EventDate "2007.06.27"]
[EventType "swiss"]
[EventRounds "8"]
[EventCountry "RUS"]
[SourceTitle "EXT 2022"]
[Source "ChessBase"]
[SourceDate "2021.10.06"]
[SourceVersion "1"]
[SourceVersionDate "2021.10.06"]
[SourceQuality "1"]

1. e4 e5 2. Nf3 Nc6 3. Bb5 a6 4. Ba4 Nf6 5. 0-0 Be7 6. Re1 b5 7. Bb3 d6 8. c3 0-0 9. h3 Na5 10. Bc2 c5 11. d4 Qc7 12. Nbd2 cxd4 13. cxd4 Bb7 14. Nf1 Rac8 15. Bd3 Nc6 16. d5 Nb4 17. Ne3 Nxd3 18. Qxd3 Nd7 19. Nf5 Nc5 20. Qe2 g6 21. Nxe7+ Qxe7 22. Bh6 Rfe8 23. Red1 Rc7 24. Rac1 b4 25. b3 Qd7 26. Nd2 f5 27. f3 a5 28. Be3 Ba6 29. Nc4 fxe4 30. fxe4 Nxe4 31. Bb6 Rxc4 32. bxc4 Nc3 33. Rxc3 bxc3 34. Bxa5 Qa4 35. Bxc3 Bxc4 36. Qd2 Qxa2 37. Qxa2 Bxa2 38. Bb4 Rd8 39. Rd2 Bc4 40. Rc2 Bxd5 41. Rd2 Bc4 42. Rxd6 Rxd6 43. Bxd6 e4 44. Kf2 Kf7 45. g3 1/2-1/2

[Event "Perm op 07-B"]
[Site "Perm"]
[Date "2007.06.30"]
[Round "4"]
[White "Nechaev, Nikolay A"]
[Black "Terenin, Leonid"]
[Result "1/2-1/2"]
[WhiteElo "1688"]
[BlackElo "1732"]
[PlyCount "70"]
[EventDate "2007.06.27"]
[EventType "swiss"]
[EventRounds "8"]
[EventCountry "RUS"]
[SourceTitle "EXT 2022"]
[Source "ChessBase"]
[SourceDate "2021.10.06"]
[SourceVersion "1"]
[SourceVersionDate "2021.10.06"]
[SourceQuality "1"]

1. e4 c6 2. d4 d5 3. e5 Bf5 4. Nf3 Qb6 5. Nc3 e6 6. Be2 Nd7 7. 0-0 h6 8. Rb1 a5 9. Be3 Ne7 10. Qd2 Bh7 11. a3 Nf5 12. Bf4 g5 13. Be3 g4 14. Ne1 h5 15. Bd3 Be7 16. Kh1 Rg8 17. Na4 Qd8 18. Rd1 Bg5 19. Bxg5 Qxg5 20. Qxg5 Rxg5 21. b3 Ke7 22. c3 Rh8 23. Nc2 Nh4 24. Nb2 Bxd3 25. Nxd3 Nf5 26. Rfe1 h4 27. Ne3 Nxe3 28. Rxe3 Rf5 29. Kg1 b6 30. Rf1 Nf8 31. f3 Rg8 32. fxg4 Rxf1+ 33. Kxf1 Rxg4 34. Kf2 Nh7 35. h3 Rg8 1/2-1/2

[Event "Perm op 07-B"]
[Site "Perm"]
[Date "2007.06.29"]
[Round "3"]
[White "Voronov, Viktor"]
[Black "Nechaev, Nikolay A"]
[Result "0-1"]
[WhiteElo "2129"]
[BlackElo "1789"]
[PlyCount "78"]
[EventDate "2007.06.27"]
[EventType "swiss"]
[EventRounds "8"]
[EventCountry "RUS"]
[SourceTitle "EXT 2022"]
[Source "ChessBase"]
[SourceDate "2021.10.06"]
[SourceVersion "1"]
[SourceVersionDate "2021.10.06"]
[SourceQuality "1"]

1. d4 d5 2. Nf3 e6 3. Bf4 c5 4. c3 Nc6 5. e3 Nf6 6. Bd3 c4 7. Bc2 Be7 8. h3 b5 9. Nbd2 0-0 10. 0-0 a5 11. e4 dxe4 12. Nxe4 Nd5 13. Bg3 b4 14. Ba4 Bb7 15. Qc2 f5 16. Ned2 Nb6 17. Bxc6 Bxc6 18. Ne5 Bd5 19. f4 Qc7 20. Rfe1 Rab8 21. Re2 Nc8 22. cxb4 axb4 23. Ndxc4 Qa7 24. Qd1 Qa6 25. b3 Nd6 26. Nd7 Nxc4 27. Nxb8 Rxb8 28. bxc4 Bxc4 29. Rb2 Qa3 30. Qc1 Bd5 31. Rc2 Qxg3 32. Rb1 Kf7 33. Rbb2 Rb7 34. Rc8 Bd6 35. Rf2 Qd3 36. Rd8 Be7 37. Rxd5 exd5 38. Qc8 Ra7 39. Kh2 Qxd4 0-1

[Event "Perm Elo op-A"]
[Site "Perm"]
[Date "2007.05.05"]
[Round "7"]
[White "Nechaev, Nikolay A"]
[Black "Podvalnikov, Boris"]
[Result "1-0"]
[WhiteElo "2134"]
[BlackElo "2182"]
[PlyCount "65"]
[EventDate "2007.04.25"]
[EventType "swiss"]
[EventRounds "9"]
[EventCountry "RUS"]
[SourceTitle "EXT 2010"]
[Source "ChessBase"]
[SourceDate "2010.11.25"]
[SourceVersion "1"]
[SourceVersionDate "2010.11.25"]
[SourceQuality "1"]

1. d4 Nf6 2. c4 d6 3. Nc3 e5 4. d5 Be7 5. e4 0-0 6. Bd3 Ne8 7. Nge2 g6 8. Bh6 Ng7 9. Qd2 c5 10. f3 Re8 11. g4 Nd7 12. 0-0-0 a6 13. Kb1 Nf8 14. Ng3 Bd7 15. h4 Bxh4 16. Rdg1 Bxg3 17. Rxg3 f6 18. g5 Qe7 19. f4 f5 20. Bxg7 Qxg7 21. exf5 Bxf5 22. Bxf5 gxf5 23. Ne4 fxe4 24. f5 b5 25. Rh6 bxc4 26. g6 hxg6 27. Qg5 e3 28. f6 Qb7 29. Qh4 Qxd5 30. Rhxg6+ Nxg6 31. Rxg6+ Kf7 32. Rg7+ Ke6 33. Qg4+ 1-0

[Event "Perm AVGRT op"]
[Site "Perm"]
[Date "2006.08.06"]
[Round "4"]
[White "Bikmukhametov, Albert"]
[Black "Nechaev, Nikolay A"]
[Result "0-1"]
[WhiteElo "1987"]
[BlackElo "2106"]
[PlyCount "72"]
[EventDate "2006.08.03"]
[EventType "swiss"]
[EventRounds "9"]
[EventCountry "RUS"]
[SourceTitle "EXT 2008"]
[Source "ChessBase"]
[SourceDate "2007.11.25"]
[SourceVersion "1"]
[SourceVersionDate "2007.11.25"]
[SourceQuality "1"]

1. e4 e5 2. f4 d5 3. exd5 e4 4. d3 Nf6 5. Qe2 Qxd5 6. Nd2 Bg4 7. Ngf3 Bb4 8. c3 Bc5 9. Nxe4 0-0 10. Nxf6+ gxf6 11. Qe4 Qd7 12. Qxb7 Re8+ 13. Kd1 Nc6 14. Qb3 Rad8 15. Bd2 Be3 16. Kc2 Be6 17. Qa3 Bxd2 18. Kxd2 Bf5 19. Re1 Rxe1 20. Nxe1 Qe6 21. Qb3 Qd6 22. Qc4 Be6 23. Qe4 Bd5 24. Qf5 Bxa2 25. Qg4+ Kh8 26. h4 Be6 27. f5 Ne5 28. Qe4 Bd5 29. Qe2 Rb8 30. Kc1 Qa6 31. Nc2 Qa2 32. Na3 Qa1+ 33. Nb1 Ba2 34. Qc2 Ng4 35. Rh3 Re8 36. Be2 Bxb1 0-1